000 00350nam a2200133Ia 4500
005 20251222143119.0
008 251222s9999||||xx |||||||||||||| ||spa||
020 _a84-404-4724-8
082 _a233.21/M11
100 _aMahillo Monte, Javier
245 0 _aEl Sufrimiento Humano según Santo Tomás
264 _bUniversidad de Navarra
942 _cLIB
999 _c11487
_d11487